Dane z príjmov fyzických osôb a zamestnávateľ. 2
Základné povinnosti pri dani zo závislej činnosti. Ročné zúčtovanie. Zdanenie podľa osobitnej sadzby. Evidencia a postihy. Novinové honoráre, zaokrúhľovanie. Podiel spoločníkov. Ohlasovacia povinnosť.
Uložené v:
| Hlavný autor: | |
|---|---|
| Médium: | Kapitola |
| Jazyk: | Slovak |
| Predmet: | |
| Tagy: |
Žiadne tagy, Buďte prvý, kto otaguje tento záznam!
|
MARC
| LEADER | 00000naa a2200000 4500 | ||
|---|---|---|---|
| 001 | r027421 | ||
| 005 | 20230824091230.5 | ||
| 041 | 0 | |a slo | |
| 044 | |a SK | ||
| 245 | 1 | 0 | |a Dane z príjmov fyzických osôb a zamestnávateľ. 2 |c Dagmar Piršelová |
| 520 | |a Základné povinnosti pri dani zo závislej činnosti. Ročné zúčtovanie. Zdanenie podľa osobitnej sadzby. Evidencia a postihy. Novinové honoráre, zaokrúhľovanie. Podiel spoločníkov. Ohlasovacia povinnosť. | ||
| 610 | 2 | 0 | |a Slovensko |
| 610 | 2 | 0 | |a 1992 |
| 610 | 2 | 0 | |a 1997 |
| 610 | 2 | 0 | |a dane z príjmov |
| 610 | 2 | 0 | |a osoby fyzické |
| 610 | 2 | 0 | |a zamestnávatelia |
| 610 | 2 | 0 | |a sadzby daňové |
| 610 | 2 | 0 | |a postih |
| 610 | 2 | 0 | |a zúčtovanie |
| 100 | 1 | |a Piršelová, Dagmar | |